|
|
|
|
| LEADER |
00949nam a2200217 a 4500 |
| 001 |
000621279 |
| 003 |
CZ BrMZK |
| 005 |
20170530120833.0 |
| 007 |
ta |
| 008 |
020905s1980 xr f cze d |
| 040 |
|
|
|a BOA001
|b cze
|c BOA001
|
| 080 |
9 |
|
|a 75(437.1)"18":92 Schikaneder
|2 MRF
|
| 100 |
1 |
|
|a Schikaneder, Jakub,
|d 1855-1924
|7 jk01110926
|4 art
|
| 245 |
1 |
0 |
|a Jakub Schikaneder (1855-1924) :
|b výběr z díla : severočeská galerie výtvarného umění v Litoměřicích, květen - červen 1980 /
|c úvodní text Jiří Dolejš
|
| 260 |
|
|
|a Litoměřice :
|b Severočeská galerie výtvarného umění,
|c 1980
|
| 300 |
|
|
|a 1 svazek (nestránkováno)
|
| 700 |
1 |
|
|a Dolejš, Jiří,
|d 1933-1993
|7 jn99240000169
|4 wfw
|
| 710 |
2 |
|
|a Severočeská galerie výtvarného umění (Litoměřice, Česko)
|7 kn20020321436
|
| 910 |
|
|
|a BOA001
|b X-0819.681
|
| 990 |
|
|
|a BK
|
| 996 |
6 |
|
|b 2619696907
|c X-0819.681
|l MZK
|r Sklad / do 24 hodin
|n 11
|w 000621279
|u 000010
|a 1
|e BOA001
|j MZK50
|s P
|